| 000 | 005190000a22001810004500 | ||
|---|---|---|---|
| 020 | _a970-10-0725-5 | ||
| 041 | 0 | _aSPA | |
| 082 | 0 | 4 | _aG 001.42 C3461m |
| 245 | 1 | 0 | _aMétodos de investigación / Juan Castañeda Jiménez |
| 260 | _aNaucalpan de Juárez, México : McGraw-Hill | ||
| 505 | 0 | 0 | _aTomo I : 144 Pag. Tomo II : 169 Pag. |
| 650 | 1 | 4 | _aMETODOS DE INVESTIGACION |
| 001 | 462 | ||
| 942 | _cBK | ||
| 999 |
_c31987 _d31987 |
||
| 336 |
_atexto _btxt _2rdacontent |
||
| 337 |
_2rdamedia _asin mediación _bn |
||
| 338 |
_2rdacarrier _avolumen _bnc |
||